Mysterium Salutis : manual de teología como historia de la salvación : el cristiano en el tiempo y la consumación escatológica /

Gardado en:
Detalles Bibliográficos
Autor Principal: Feiner, Johannes (dirección)
Outros autores: Löhrer, Magnus (dirección) (dirección)
Formato: Libro
Idioma:Lingua castelá
Publicado: Madrid, España : Ediciones Cristiandad, 1984, c1984
Etiquetas: Engadir etiqueta
Sen Etiquetas, Sexa o primeiro en etiquetar este rexistro!

MARC

LEADER 00000nam^a2200000^a^4500
001 000449223
005 20250521000000.0
009 20260310123716.294
020 |a 84-7057-350-0 
037 |a Acervo Xavier Clavigero 
041 |a ESP 
091 |a FCA. 02765 
100 |a Feiner, Johannes  |e (dirección) 
245 1 0 |a Mysterium Salutis :  |b manual de teología como historia de la salvación : el cristiano en el tiempo y la consumación escatológica / 
264 4 |a Madrid, España :  |b Ediciones Cristiandad,  |c 1984, c1984 
300 |a 891 p. 
336 |a texto  |b txt  |2 rdacontenido 
337 |a sin mediación  |b n  |2 rdamedio 
338 |a volumen  |b nc  |2 rdasoporte 
649 |a XX 
700 |a Löhrer, Magnus  |e (dirección) 
910 |a Fondo Xavier Cacho Vázquez S.J. 
920 |a Impresos - Libros 
930 |a Fondos Especiales 
905 |a 131 
901 |a 0500374507  |b IT2  |c ESP  |i D  |u 20250521 
902 |a https://opac.biblio.iteso.mx/vufind/Record/000449223